[Event "CZE-ch Open 2018"]
[Site "Ostrava"]
[Date "2018.04.28"]
[Round "1"]
[White "Stocek, Jiri"]
[Black "Mrazek, Lumir"]
[Result "1/2-1/2"]
[WhiteElo "2568"]
[BlackElo "2327"]
[Annotator "TA"]
[PlyCount "42"]
[EventDate "2018.??.??"]
[EventCountry "CZE"]
[SourceTitle "playchess.com"]
[Source "ChessBase"]
[SourceQuality "1"]

{[%evp 20,42,27,11,21,20,18,0,0,0,0,-53,-35,-52,-42,-40,-16,-36,-21,-77,-83,-143,-35,-35,-43]} 1. d4 Nf6 2. c4 g6 3. Nc3 d5 4. cxd5 Nxd5 5. e4 Nxc3 6. bxc3 Bg7 7. Bb5+ c6 8. Ba4 O-O 9. Ne2 c5 10. O-O cxd4 11. cxd4 {LiveBook: 16 Games} Bg4 {[#] Strongly threatening ...Bxe2. D85: Exchange Grünfeld: Unusual White 7th moves and lines with 7 Nf3} (11... b6 12. Be3 Bb7 13. d5 Nd7 14. Rc1 Rc8 15. Qb3 Ne5 16. h3 Ba6 17. Rxc8 Qxc8 18. Rc1 Qb7 19. Bb5 {½-½ (47) Eljanov,P (2732)-Durarbayli,V (2584) Shamkir 2014}) 12. f3 Be6 13. Rb1 Bxa2 {The position is equal.} 14. Rxb7 Bc4 {...Bxe2 is the strong threat.} 15. Kh1 $146 (15. Be3 $11) ({Predecessor:} 15. Be3 Qc8 16. Rb2 Nc6 17. Re1 Rd8 18. Bxc6 Qxc6 19. d5 {½-½ (41) Krupkova,P (2210)-Peptan,C (2355) Timisoara 1993}) 15... Qc8 $1 $15 {[%cal Rc8b7]} 16. Rb2 Nc6 17. Be3 Qa6 18. Bxc6 Qxc6 19. Qd2 (19. d5 $11 Qa6 20. Rd2) 19... a5 $17 20. Rfb1 (20. Rc1 $142 Rfc8 21. d5) 20... Rfc8 ({Better is} 20... a4 $17 21. d5 Qa6) 21. d5 $1 $15 {[%cal Rd5c6]} Qe8 {Precision: White = 25%, Black = 76%.} 1/2-1/2

[Event "CZE-ch Open 2018"]
[Site "Ostrava"]
[Date "2018.04.28"]
[Round "1"]
[White "Kislinsky, Alexey"]
[Black "Cerveny, Petr"]
[Result "0-1"]
[WhiteElo "2509"]
[BlackElo "2315"]
[Annotator "TA"]
[PlyCount "74"]
[EventDate "2018.??.??"]
[EventCountry "CZE"]
[SourceTitle "playchess.com"]
[Source "ChessBase"]
[SourceQuality "1"]

{[%evp 14,74,13,10,19,25,18,11,24,-14,-12,-18,-10,-9,-6,-19,-20,-22,2,-29,0,-77,-67,-68,-29,-29,-25,-26,-38,-56,-26,-29,4,0,0,0,0,-14,-8,-57,-48,-59,-14,-18,0,0,0,0,-1,-2,-8,-8,0,-316,-309,-445,-394,-1459,-359,-5310,-5306,-29964,-6183]} 1. e4 e6 2. d4 d5 3. Nd2 c5 4. Ngf3 cxd4 5. Nxd4 Nc6 6. Bb5 Bd7 7. Nxc6 bxc6 8. Bd3 Bd6 {C07: French Tarrasch: 3...c5, 4 Ngf3 and 4 exd5 Qxd5} 9. Qe2 Ne7 {[%cal Bg8e7,Be7f5,Bf5h4,Bh4f3][%mdl 32]} 10. e5 (10. Nf3 h6 11. c4 O-O 12. O-O a5 13. Re1 a4 14. Bd2 Rb8 15. Bc3 Bb4 16. Ne5 Bxc3 17. bxc3 {½-½ (52) Navara,D (2740)-Kovalenko,I (2639) Katowice 2017}) 10... Bc7 {The position is equal.} 11. f4 Bb6 12. Nf3 Nf5 13. c3 $146 ({Predecessor:} 13. c4 Rb8 14. b3 Nd4 15. Nxd4 Bxd4 16. Bb2 {½-½ (25) Smeets,J (2634)-Baklan,V (2619) Reykjavik 2013}) 13... a5 14. g4 Nh4 15. Bd2 a4 16. Rf1 {[%cal Bh1f1,Bf1f3,Bf3h3][%mdl 32]} Rb8 17. b4 (17. O-O-O $11 {keeps the balance.}) 17... axb3 $17 18. axb3 Ra8 19. Rxa8 Nxf3+ 20. Rxf3 Qxa8 21. Rh3 Qa1+ (21... g6 {keeps more tension.} 22. Kf1 Qa3 23. Qd1 c5 24. Qb1 Qa8) 22. Qd1 Qxd1+ (22... Qa3 {with more complications.} 23. Kf1 g6 24. Qb1 Qa8 25. Be3 Bxe3 26. Rxe3 O-O) 23. Kxd1 g6 24. b4 O-O 25. c4 Bd4 26. Kc2 c5 27. Bc3 Ba4+ 28. Kd2 Bxc3+ 29. Kxc3 $11 {[%mdl 4096] Endgame KRB-KRB} d4+ 30. Kb2 cxb4 31. Bc2 Bxc2 32. Kxc2 {KR-KR} f6 {[%cal Bf7f6,Bf6e5,Be5e4][%mdl 32] Threatening ...g5.} 33. Kb3 $2 {[%mdl 8192]} (33. Rd3 $11 {and White is okay.}) 33... g5 $19 34. fxg5 (34. f5 $142 fxe5 35. fxe6) 34... fxe5 {[#] Strongly threatening ...e4.} 35. c5 $2 (35. Rd3 Rd8 36. Rd1) 35... Rd8 $2 (35... e4 {Hoping for ...e3.} 36. Rh5 e3) 36. Kc4 $2 (36. c6 Rc8 37. Rd3) 36... e4 37. c6 d3 {Precision: White = 37%, Black = 46%.} 0-1

[Event "CZE-ch Open 2018"]
[Site "Ostrava"]
[Date "2018.04.28"]
[Round "1"]
[White "Simacek, Pavel"]
[Black "Malik, Jan"]
[Result "1/2-1/2"]
[WhiteElo "2498"]
[BlackElo "2284"]
[Annotator "TA"]
[PlyCount "68"]
[EventDate "2018.??.??"]
[EventCountry "CZE"]
[SourceTitle "playchess.com"]
[Source "ChessBase"]
[SourceQuality "1"]

{[%evp 42,68,17,14,34,0,0,0,0,0,0,0,0,0,0,0,0,0,0,0,0,0,0,0,0,0,0,0,0]} 1. c4 c6 2. e4 d5 3. exd5 cxd5 4. d4 Nf6 5. Nc3 Nc6 6. Nf3 Bg4 7. cxd5 Nxd5 8. Qb3 Bxf3 9. gxf3 e6 10. Qxb7 Nxd4 11. Bb5+ Nxb5 12. Qc6+ Ke7 13. Qxb5 Qd7 14. Nxd5+ Qxd5 15. Bg5+ f6 16. Qxd5 exd5 17. Be3 Ke6 18. O-O-O Rc8+ 19. Kb1 {B13: Caro-Kann: Exchange Variation and Panov-Botvinnik Attack} Bc5 20. Rhe1 {[%cal Bh1e1,Be1e3,Be3a3][%mdl 32]} Bxe3 21. Rxe3+ Kd6 $11 {[%mdl 4096] Endgame KRR-KRR} 22. Ra3 {LiveBook: 3 Games} Rhe8 23. Rxa7 (23. Ra6+) 23... Re2 {The position is equal.} 24. Rxg7 Rb8 $146 ({Predecessor:} 24... Rcc2 25. Rb7 h5 26. a4 Rc4 {1-0 (63) Veres,A (2179)-Jostic,P (2075) Slovakia 2015}) 25. b3 Ra8 26. a4 {[%cal Ba2a4,Ba4a5,Ba5a6,Ba6a7][%mdl 32]} Rb8 27. Rd3 Rxf2 28. Rc3 Rxh2 29. a5 Rb5 30. a6 Ra5 31. a7 Raa2 32. Rc8 Rhb2+ 33. Kc1 Rh2 {[%cal Ra2a1] [#]} 34. Kb1 Rhb2+ 1/2-1/2

[Event "CZE-ch Open 2018"]
[Site "Ostrava"]
[Date "2018.04.28"]
[Round "1"]
[White "Cernousek, Lukas"]
[Black "Freisler, Pavel"]
[Result "1-0"]
[WhiteElo "2464"]
[BlackElo "2266"]
[Annotator "TA RC"]
[PlyCount "93"]
[EventDate "2018.??.??"]
[EventCountry "CZE"]
[SourceTitle "playchess.com"]
[Source "ChessBase"]
[SourceQuality "1"]

{[%evp 15,93,31,31,38,32,24,27,34,35,39,44,33,33,29,39,33,31,30,80,60,66,72,92,97,99,94,105,101,102,101,99,95,124,104,160,106,356,142,128,142,196,201,200,198,200,206,197,193,185,181,330,333,330,324,372,371,356,298,464,466,459,448,437,0,256,0,432,414,530,520,749,729,856,659,840,820,1305,1107,1393,1520]} 1. e4 e5 2. Nf3 Nc6 3. Bb5 Nf6 4. d3 d6 5. O-O Be7 6. h3 {C66: Ruy Lopez: Steinitz Defence} (6. c3 O-O 7. Re1 a6 8. Ba4 Re8 9. Nbd2 Bf8 10. Nf1 b5 11. Bc2 h6 12. Ng3 d5 13. exd5 Qxd5 14. h3 Bb7 15. Ne4 Nxe4 16. dxe4 Qe6 {½-½ (53) Sethuraman,S (2646)-Kryvoruchko,Y (2689) Riadh 2017}) 6... O-O 7. c3 Bd7 8. Ba4 Re8 {LiveBook: 3 Games} 9. Re1 Bf8 10. Bg5 h6 11. Bh4 g5 $146 ({Predecessor:} 11... Be7 12. Nbd2 Nh7 13. Bxe7 Nxe7 {1-0 (25) Detelic,M (1529)-Brigljevic,I Zagreb 2011}) 12. Bg3 Ne7 13. Bxd7 Qxd7 14. Nbd2 Ng6 15. Nc4 Rad8 16. Ne3 d5 17. exd5 Nxd5 18. Ng4 $1 {Threatens to win with c4.} Qf5 19. Ngxe5 Nxe5 20. Rxe5 Rxe5 21. Bxe5 Nf4 22. Bxf4 Qxf4 23. Qe2 Bd6 24. Re1 Kg7 (24... c5 $142) 25. Qe4 ({White should play} 25. g3 Qf5 26. Kg2) 25... f5 $2 (25... Qxe4 $16 {was necessary.} 26. Rxe4 (26. dxe4 c5 $14) 26... a6) 26. Qxf4 $2 ({Resist} 26. Qxb7 g4 $18) (26. Qe6 $18 Rf8 27. Nd4) 26... Bxf4 $18 {[%mdl 4096] Endgame KRB-KRN} 27. Nd4 Kf6 (27... Rd5 $16 28. Re7+ Kf6 29. Re6+ Kg7) 28. Re6+ Kf7 {[#] aiming for ...Rxd4!} 29. Rxh6 Rd5 30. g3 Bc1 31. b4 Bd2 32. Rh7+ Kg6 (32... Kf6 $142 33. Ne2 (33. Rxc7 Bxc3 34. Nxf5 Rxd3 $18) 33... Re5) 33. Rxc7 Bxc3 34. Nxf5 {[#] Strongly threatening Ne7+.} ({Weaker is} 34. Rxc3 Rxd4 35. a3 Rd7 $18) 34... Rxd3 35. Ne7+ Kh6 36. Ng8+ Kh5 (36... Kg6 {might work better.} 37. Ne7+ Kf6 38. Rxc3 Rd1+ 39. Kg2 Kxe7 40. Rc7+ Rd7) 37. g4+ Kg6 38. Ne7+ Kh6 39. Ng8+ (39. Rxb7 $142 Bd2 40. a4) 39... Kg6 40. Ne7+ $2 (40. Rxb7 Rd2 41. Ne7+ Kf6 42. a4) 40... Kh6 $1 41. Rxb7 Rxh3 42. b5 {White is clearly winning.} Bb4 43. Rxa7 Bc5 44. Nf5+ Kg6 45. Rc7 Rc3 46. Rc6+ Kh7 47. Kg2 {Precision: White = 61%, Black = 44%.} 1-0

[Event "CZE-ch Open 2018"]
[Site "Ostrava"]
[Date "2018.04.28"]
[Round "1"]
[White "Jansa, Vlastimil"]
[Black "Miesbauer, Jan"]
[Result "1-0"]
[WhiteElo "2450"]
[BlackElo "2261"]
[Annotator "TA"]
[PlyCount "49"]
[EventDate "2018.??.??"]
[EventCountry "CZE"]
[SourceTitle "playchess.com"]
[Source "ChessBase"]
[SourceQuality "1"]

{[%evp 13,49,14,8,2,11,20,5,0,0,0,1,0,0,-3,0,0,7,0,-1,-5,163,13,80,79,88,79,81,0,0,-30,407,335,306,311,417,412,414,403]} 1. e4 e6 2. d4 d5 3. Nd2 Be7 4. Ngf3 Nf6 5. Bd3 c5 6. exd5 Qxd5 7. dxc5 Nbd7 8. O-O {C03: French Tarrasch: Unusual Black 3rd moves} (8. b4 a5 9. Bc4 Qh5 10. c3 Nd5 11. Bxd5 Qxd5 12. a4 b6 13. O-O bxc5 14. b5 Bb7 15. c4 Qf5 {½-½ (44) Naiditsch,A (2716)-Edouard,R (2602) Mulhouse 2011}) 8... Nxc5 9. Bc4 Qd6 10. Qe2 {The position is equal.} a6 $146 ({Predecessor:} 10... O-O 11. Ne5 b6 12. Nb3 Nxb3 13. Bxb3 Ba6 14. c4 Nd7 15. Bf4 Nxe5 16. Bxe5 {½-½ (26) Tomic,B (2407)-Kovacevic,B (2449) Bosnjaci 2012}) 11. a4 b6 12. Nb3 Bb7 13. Ne5 Nxb3 14. Bxb3 O-O 15. Bf4 Qb4 16. Bg5 Rfe8 $2 {[#]} (16... Rad8 $11 {and Black has nothing to worry.}) 17. Rad1 (17. Nxf7 $1 $18 {[%mdl 512]} Bc5 (17... Kxf7 18. Qxe6+) 18. Nh6+ $1 {[%mdl 512]} (18. Bxe6 Kf8 $16) 18... Kh8 19. Bxe6) 17... Rad8 {[#]} (17... Qc5 $11) 18. Nxf7 $1 $16 {[%mdl 512]} Kxf7 19. Qxe6+ Kg6 20. Bxf6 (20. h4 $1 $16 {Hoping for Qf7+.} h6 21. Rxd8 Rxd8 22. Bxf6 Bxf6 23. Qf7+ Kh7 24. Qxb7) 20... gxf6 $11 21. Bc4 {Threatens to win with Rxd8.} Qc5 $2 {[%mdl 8192]} ({Not} 21... Qxa4 $2 22. Rd3 $18) (21... b5 $11 {and Black is okay.} 22. axb5 axb5) 22. Qf7+ Kh6 {[#]} 23. Rd3 $1 {[%cal Rd3h3] Intending Rh3+ and mate.} Rxd3 24. Bxd3 Rh8 {[#]} 25. Re1 $1 {Precision: White = 50%, Black = 35%.} 1-0

[Event "CZE-ch Open 2018"]
[Site "Ostrava"]
[Date "2018.04.28"]
[Round "1"]
[White "Neuman, Petr"]
[Black "Jedlicka, Ales"]
[Result "1-0"]
[WhiteElo "2443"]
[BlackElo "2238"]
[Annotator "TA"]
[PlyCount "79"]
[EventDate "2018.??.??"]
[EventCountry "CZE"]
[SourceTitle "playchess.com"]
[Source "ChessBase"]
[SourceQuality "1"]

{[%evp 20,79,72,74,108,75,74,62,66,75,85,79,87,72,118,73,72,69,91,85,116,68,115,63,54,60,63,48,58,59,50,58,60,42,65,56,53,56,68,74,167,170,636,624,997,984,987,1000,982,969,927,946,943,933,657,0,587,573,5406,5018,29997,29998]} 1. c4 g6 2. d4 Bg7 3. e4 d6 4. Nc3 Nf6 5. f3 O-O 6. Be3 Nbd7 7. Nh3 c5 8. d5 Ne5 9. Nf2 a6 {E81: King's Indian: Sämisch: 6th move deviations (including 6 Be3 c6)} (9... e6 10. Be2 exd5 11. cxd5 b5 12. Bxb5 Rb8 13. Rb1 Qa5 14. Be2 Ba6 15. O-O Nfd7 16. Bxa6 Qxa6 17. b3 Nxf3+ 18. Qxf3 Bxc3 {1-0 (50) Jussupow,A (2585)-Onischuk,V (2601) Tallinn 2016}) 10. a4 Qa5 11. Bd2 {LiveBook: 3 Games} Qc7 {White is better.} 12. Be2 e6 13. O-O exd5 14. cxd5 h5 $146 ({Predecessor:} 14... Ne8 15. f4 Nd7 16. Be3 {½-½ (23) Schuster,U (2425)-Peuraniemi,P (2425) ICCF corr 2002}) 15. h3 Rb8 16. Qc2 c4 17. a5 b5 18. axb6 Qxb6 19. Na4 Qa7 20. Bc3 ({Much less strong is} 20. Bxc4 Nxc4 21. Qxc4 Bd7 $14) 20... h4 21. f4 (21. Qd2 $16) 21... Nd3 $1 $14 22. Bxd3 cxd3 23. Qxd3 Nh5 24. Bxg7 Kxg7 25. Qd2 $36 {[%mdl 2048] White has some pressure.} Rb3 26. Ra3 Rg3 27. Kh2 Rxa3 28. bxa3 Bd7 29. Nc3 Rc8 {[#]} (29... f6 $16) 30. f5 $1 $18 Qc5 $2 (30... Ng3 31. Re1 f6) 31. Ng4 Qxc3 32. Qh6+ Kg8 33. fxg6 fxg6 34. Qxg6+ Qg7 35. Nh6+ Kh8 36. Nf7+ Kg8 37. Nh6+ Kh8 38. Qxh5 Qg3+ 39. Kh1 {[#] Intending Nf5+ and mate.} Be8 40. Nf7+ {Precision: White = 63%, Black = 36%.} 1-0

[Event "CZE-ch Open 2018"]
[Site "Ostrava"]
[Date "2018.04.28"]
[Round "1"]
[White "Vykouk, Jan"]
[Black "Belunek, Vladimir"]
[Result "1/2-1/2"]
[WhiteElo "2426"]
[BlackElo "2216"]
[Annotator "TA"]
[PlyCount "82"]
[EventDate "2018.??.??"]
[EventCountry "CZE"]
[SourceTitle "playchess.com"]
[Source "ChessBase"]
[SourceQuality "1"]

{[%evp 16,82,10,7,22,0,18,5,28,20,41,33,52,34,60,58,58,57,58,17,29,19,20,24,52,43,42,-51,-40,-37,-10,-16,-10,-21,0,-7,0,-7,0,0,0,-4,-4,-13,-13,-11,-12,-9,-2,-7,0,-12,0,0,0,0,0,0,0,0,0,0,0,0,0,0,0,0,0]} 1. e4 e5 2. Nf3 Nc6 3. Bc4 Nf6 4. d3 Bc5 5. O-O d6 6. c3 a5 {C54: Giuoco Piano: 4 c3 Nf6, main lines with 5 d4 and 5 d3} (6... a6 7. a4 O-O 8. h3 h6 9. Re1 Re8 10. Nbd2 Be6 11. Bxe6 Rxe6 12. b4 Ba7 13. Qc2 Qd7 14. Nf1 d5 15. Ng3 Rd8 16. exd5 Qxd5 {½-½ (63) Carlsen,M (2834)-Kramnik,V (2787) Wijk aan Zee 2018}) 7. Nbd2 {[%cal Bb1d2,Bd2f1,Bf1g3,Bg3f5][%mdl 32]} O-O 8. h3 h6 9. Re1 {LiveBook: 47 Games} Ba7 10. Bb3 Be6 $146 ({Predecessor:} 10... Nh5 11. d4 Qf6 12. Nxe5 dxe5 13. Qxh5 exd4 14. e5 Qf5 15. Qxf5 Bxf5 {0-1 (26) Lebedev,V (2225)-Shinkevich,V (2440) St Petersburg 2000}) 11. Bc2 Ne7 12. Nf1 Ng6 13. d4 c6 14. Be3 Qc7 15. Ng3 Rfd8 16. Qd2 Qe7 17. Nf5 Qf8 18. Qe2 Bb8 19. a4 Bc7 20. Rad1 Re8 21. b4 (21. Ng3 $14) 21... Bxf5 (21... d5 {is more complex.} 22. dxe5 Nxe4 23. Bxe4 dxe4 24. N3h4 axb4 25. Nxg6 fxg6 26. Nd6 b3) 22. exf5 Nf4 23. Bxf4 {The position is equal.} exf4 24. Qd2 axb4 25. cxb4 d5 26. Ne5 Qd6 27. Qc3 Nd7 {[%cal Rd7e5]} 28. Nxd7 Qxd7 29. Rxe8+ Rxe8 30. Re1 Rxe1+ 31. Qxe1 Bd8 32. Qe5 Bc7 33. Qe2 Bd6 34. b5 cxb5 35. axb5 Be7 36. Bb3 Bf6 37. Qd3 b6 38. Ba2 Qe8 39. Bxd5 Qe1+ 40. Qf1 Qxf1+ 41. Kxf1 Bxd4 {Precision: White = 63%, Black = 50%.} 1/2-1/2

[Event "CZE-ch Open 2018"]
[Site "Ostrava"]
[Date "2018.04.28"]
[Round "1"]
[White "Zwardon, Vojtech"]
[Black "Stepan, Patrik"]
[Result "1-0"]
[WhiteElo "2409"]
[BlackElo "2207"]
[Annotator "TA"]
[PlyCount "103"]
[EventDate "2018.??.??"]
[EventCountry "CZE"]
[SourceTitle "playchess.com"]
[Source "ChessBase"]
[SourceQuality "1"]

{[%evp 17,103,32,36,29,41,-7,-23,-22,-2,-21,0,0,0,0,0,0,9,9,9,6,22,9,5,-14,0,-8,-11,-23,-6,-22,0,0,-4,0,0,-31,-6,-6,-3,-3,-2,-21,-10,-25,-18,-62,-62,-48,-3,-102,-56,-83,-8,-40,-15,-16,178,173,176,173,162,160,228,216,228,219,154,154,584,578,554,537,29988,29989,29989,172,176,0,29989,363,363,356,29989,1444,29972,29970,29997,29998]} 1. c4 Nf6 2. Nc3 e6 3. e4 d5 4. e5 d4 5. exf6 dxc3 6. bxc3 Qxf6 7. Nf3 e5 8. Bd3 Nc6 {A18: English Opening: Flohr-Mikenas System (1 c4 Nf6 2 Nc3 e6 3 e4)} (8... Na6 9. Qe2 Bd6 10. Be4 O-O 11. O-O Nc5 12. d4 Nxe4 13. Qxe4 exd4 14. cxd4 c6 15. Re1 Bf5 16. Qe3 {½-½ (31) Rowson,J (2563)-Sadler,M (2685) London 2017}) 9. O-O Bd6 {LiveBook: 5 Games} 10. Be4 {Threatens to win with d4.} Bf5 {White has an edge.} 11. Qc2 Bxe4 12. Qxe4 O-O 13. Rb1 Rab8 14. Re1 $146 ({Predecessor:} 14. d4 exd4 15. Bg5 Qg6 16. Qxg6 hxg6 17. cxd4 b6 18. Rfc1 {1-0 (73) Kratochwil,C (2246)-Latzke,B (2290) Germany 2002}) 14... Qg6 15. Qxg6 hxg6 16. d4 exd4 17. cxd4 {Strongly threatening c5.} b6 18. Be3 Rfe8 19. Kf1 f6 20. Rec1 Kf7 21. h3 g5 22. d5 Nb4 23. Rb3 a5 {Hoping for ...a4.} 24. a3 Na6 25. Nd4 Nc5 26. Rb5 (26. Rbc3 {seems wilder.} Be5 27. Rd1 Ne4 28. Rc2 Bd6 29. Rd3) 26... Bf4 27. Bxf4 gxf4 28. Nc6 Ra8 29. d6 cxd6 30. Rxb6 Re4 31. Rd1 Rxc4 32. Nd4 Ra6 33. Rb8 (33. Rxa6 $1 $11 {keeps the balance.} Nxa6 34. Nb5) 33... Kg6 34. Rc8 Rc3 (34... Rb6 $17 {Threatening ...Ra4.} 35. Nc6 Ra4 36. Ne7+ Kh7) 35. Ne6 Rxa3 36. Nxf4+ Kf5 $2 (36... Kh7 $11 {and Black stays safe.}) 37. g3 $1 $18 {[%cal Bg2g3,Bg3g4][%mdl 1056] And now Rd5+ would win. White has strong compensation.} Nd7 {[#]} 38. Rc7 $1 {[%cal Rc7d7]} g5 39. Nd5 Ne5 {[#]} (39... Ke6 $16 {is a better defense.}) 40. g4+ $1 Kg6 41. Ne7+ Kf7 42. Nf5+ Kg8 $2 (42... Ke8 $16 {is a better chance.}) 43. Rb1 {[%cal Rb1b8]} Ra8 44. Kg2 Nd3 45. Nh6+ Kf8 46. Kf1 $2 (46. Rbb7 Nf4+ 47. Kg1 Nxh3+ 48. Kh2 Nxf2 49. Rh7 Rh3+ 50. Kg2 Rxh6 51. Rxh6) 46... Ne5 47. Kg2 $2 (47. Rbb7 $18 Rxh3 48. Rh7 Rxh6 49. Rxh6) 47... Nd3 $1 48. Kg1 $2 (48. Rbb7 {mates} Nf4+ 49. Kg1 a4 50. Rg7 Ne2+ 51. Kh2 Rxh3+ 52. Kxh3 Ng1+ 53. Kg2 Ke8 54. Rg8#) 48... Ne5 49. Rh7 {Rbb7 would kill now.} Ng6 $2 (49... Rc8 $18 50. Rh8+ Kg7 51. Rxc8 Kxh6) 50. Nf5 (50. Rbb7 $142 Ra1+ 51. Kg2 Re1 52. Rhg7 Nh4+ 53. Kh2 Nf3+ 54. Kg3 Rg1+ 55. Kxf3 Rg3+ 56. fxg3 Ke8 57. Rg8#) 50... a4 51. Rbb7 Rb3 52. Rbf7+ {Precision: White = 44%, Black = 34%.} 1-0

[Event "CZE-ch Open 2018"]
[Site "Ostrava"]
[Date "2018.04.28"]
[Round "1"]
[White "Svoboda, Svatopluk"]
[Black "Gnida, Patrik"]
[Result "1/2-1/2"]
[WhiteElo "2401"]
[BlackElo "2165"]
[Annotator "RC"]
[PlyCount "70"]
[EventDate "2018.??.??"]
[EventCountry "CZE"]
[SourceTitle "playchess.com"]
[Source "ChessBase"]
[SourceQuality "1"]
[TimeControl "40/5400+30:900+30"]

1. e4 {[%emt 0:00:00]} e5 {[%emt 0:00:33]} 2. Nf3 {[%emt 0:00:00]} Nc6 {[%emt 0:00:21]} 3. Bc4 {[%emt 0:00:09]} Be7 {[%emt 0:02:15]} 4. d4 {[%emt 0:00:15]} d6 {[%emt 0:01:56]} 5. c3 {[%emt 0:02:46]} Nf6 {[%emt 0:03:33]} 6. Nbd2 {[%emt 0:02:41]} O-O {[%emt 0:00:21]} 7. Bd3 {[%emt 0:02:32]} Bg4 {[%emt 0:08:11]} 8. h3 {[%emt 0:01:02]} Bh5 {[%emt 0:01:09]} 9. d5 {[%emt 0:03:34]} Nb8 {[%emt 0:00:03]} 10. Nf1 {[%emt 0:05:00]} c6 {[%emt 0:02:02]} 11. c4 {[%emt 0:00:57]} Nbd7 {[%emt 0:00:32]} 12. Be3 {[%emt 0:03:09]} Bg6 {[%emt 0:00:56]} 13. Ng3 {[%emt 0:00:28]} Rc8 {[%emt 0:00:42]} 14. b4 {[%emt 0:00:55]} a5 {[%emt 0:01:55]} 15. a3 {[%emt 0:00:12]} cxd5 {[%emt 0:01:59]} 16. cxd5 {[%emt 0:00:27]} Rc3 {[%emt 0:02:31]} 17. Nh4 {[%emt 0:06:49]} Nxe4 {[%emt 0:25:07]} 18. Nxg6 {[%emt 0:03:25]} Nxg3 {[%emt 0:00:46]} 19. Nxf8 {[%emt 0:03:22]} Kxf8 {[%emt 0:17:58]} 20. Qd2 {[%emt 0:08:20]} Rxd3 {[%emt 0:05:19]} 21. Qxd3 {[%emt 0:00:11]} Nxh1 {[%emt 0:00:03]} 22. Rc1 {[%emt 0:04:13]} Bg5 {[%emt 0:11:50]} 23. Ke2 {[%emt 0:06:49]} Nxf2 {[%emt 0:00:31]} 24. Kxf2 {[%emt 0:00:43]} Bxe3+ {[%emt 0:00:30]} 25. Qxe3 {[%emt 0:00:18]} axb4 {[%emt 0:00:06]} 26. axb4 {[%emt 0:00:24]} Qh4+ {[%emt 0:04:11]} 27. Kg1 {[%emt 0:00:35]} Qxb4 {[%emt 0:05:27]} 28. Rc8+ {[%emt 0:01:59]} Ke7 {[%emt 0:00:02]} 29. Qg5+ {[%emt 0:00:20]} Nf6 {[%emt 0:00:02]} 30. Qxg7 {[%emt 0:01:38]} Qd4+ {[%emt 0:00:12]} 31. Kh2 {[%emt 0:00:09]} Qf4+ {[%emt 0:01:10]} 32. Kg1 {[%emt 0:00:16]} Nxd5 {[%emt 0:02:58]} 33. Qf8+ {[%emt 0:00:16]} Ke6 {[%emt 0:00:16]} 34. Re8+ {[%emt 0:00:20]} Kf5 {[%emt 0:00:25]} 35. Qxf7+ {[%emt 0:01:32]} Nf6 {[%emt 0:00:03]} 1/2-1/2

[Event "CZE-ch Open 2018"]
[Site "Ostrava"]
[Date "2018.04.28"]
[Round "1"]
[White "Vlasak, Lukas"]
[Black "Sramek, Vojtech"]
[Result "1-0"]
[WhiteElo "2381"]
[BlackElo "2145"]
[Annotator "TA"]
[PlyCount "63"]
[EventDate "2018.??.??"]
[EventCountry "CZE"]
[SourceTitle "playchess.com"]
[Source "ChessBase"]
[SourceQuality "1"]

{[%evp 19,62,-33,10,-2,18,8,8,15,20,4,87,76,80,83,71,79,68,69,158,159,150,156,140,157,204,196,198,173,178,180,220,228,386,373,381,373,29995,29996,29996,29997,29997,29998,29998,29999,29999]} 1. d4 d5 2. Bf4 Nf6 3. e3 c5 4. c3 Nc6 5. Nd2 e6 6. Ngf3 Bd6 7. Bg3 O-O 8. Bd3 b6 9. Ne5 Bb7 10. f4 {D02: 1 d4 d5 2 Nf3 sidelines, including 2...Nf6 3 g3 and 2...Nf6 3 Bf4} (10. O-O Qc7 11. f4 Ne7 12. Qb1 Qc8 13. Bh4 Nf5 14. Bxf5 exf5 15. Bxf6 gxf6 16. Nef3 Qe6 17. Re1 Ba6 18. Nh4 cxd4 19. exd4 {1-0 (28) Korobov,A (2692)-Dominguez Perez,L (2739) Doha 2016}) 10... Nd7 {LiveBook: 4 Games} 11. Qh5 {[%csl Gd3][%cal Rh5h7] [#]} g6 12. Qh6 {The position is equal.} Qe7 13. O-O $146 ({Predecessor:} 13. h4 Nf6 14. h5 Bxe5 15. fxe5 Ne4 16. Bxe4 dxe4 17. Nxe4 f5 18. Nf6+ Rxf6 19. exf6 Qxf6 20. hxg6 Qxg6 21. Qf4 {1-0 (21) Jacobsen,M (2059)-Machlik,E (1870) Oslo 2014}) 13... f6 14. Bh4 Bxe5 (14... Rfd8 $11 {keeps the balance.}) 15. fxe5 $16 Qg7 {[#]} 16. Qxg7+ $1 Kxg7 17. exf6+ Nxf6 18. Bg3 $36 {[%mdl 2048] White is pushing.} Rae8 (18... Nd7 $14) 19. dxc5 bxc5 20. Bd6 Rf7 21. Bxc5 Rd8 22. Nf3 {[%cal Bd2f3,Bf3g5,Bg5e6][%mdl 32]} Nd7 {[%cal Bf6d7,Bd7e5,Be5d3][%mdl 32]} 23. Ba3 Nde5 24. Ng5 Rxf1+ 25. Rxf1 Nxd3 $2 (25... Bc8 {was necessary.}) 26. Nxe6+ $18 Kh6 27. Rf3 {[%cal Rf3h3]} ({Weaker is} 27. Nxd8 Nxd8 28. Rf8 Ne6 $16) 27... g5 $2 (27... Kh5 $18 28. Rh3+ Kg4) 28. Rf6+ {White mates.} Kh5 29. Ng7+ Kh4 30. Rh6+ Kg4 31. h3+ Kg3 32. Nf5# {Precision: White = 88%, Black = 34%.} 1-0